| 000 | 00784 a2200229 4500 | ||
|---|---|---|---|
| 001 | 26889 | ||
| 005 | 20260407155546.0 | ||
| 008 | 260407a1985 arg spa d | ||
| 003 | AR-UNSa-BCEJYS | ||
| 040 |
_aAR-UNSa-BCEJYS _bspa _cAR-UNSa-BCEJYS |
||
| 080 |
_a711(09) _xHistoría del Urbanismo |
||
| 245 | 1 | 0 |
_aHistoria del urbanismo _pEl siglo XVI |
| 020 | _a84-7088-391-7 | ||
| 264 | 1 |
_aMadrid : _bInstituto de Estudios de Administración Local _c1985 |
|
| 300 |
_a700 p. _c25 cm. |
||
| 505 | _a1. Temas y problemas - 2. De finales del siglo XV a la crisis de los años 40 - 3. Las ciudades-fortaleza en la Roma de Sixto V | ||
| 942 | _cBK | ||
| 590 | _aniveau_biblio:m niveau_hierar:0 | ||
| 100 | 1 | _aGuidoni, Enrico | |
| 700 | 1 | _aMarino, Angela | |
| 700 | 1 | _aVioque Lozano, Juan | |
| 999 |
_c1510 _d1510 |
||